000 00527nam a2200217Ia 4500
003 0100
008 130303s9999 xx 000 0 und d
020 _a521778220
040 _cARRUPELIB
050 _aHQ1587.W54 2000
100 _aWiesner, Merry E
245 _aWomen and Gender in Early Modern Europe
250 _a2nd
260 _aCambridge
260 _bUniversity press
260 _C2000
300 _a325p.24cm
440 _aNew approaches to European history 20
650 _aSOCIAL SCIENCE
942 0 0 _01
999 _c12939
_d12939